| 000 | 00908nam a22002057a 4500 | ||
|---|---|---|---|
| 999 |
_c95913 _d95913 |
||
| 005 | 20181214142844.0 | ||
| 010 | _aENG-115964 | ||
| 020 |
_a9780670086900 _c599.00 |
||
| 035 | _aB-606133-148 EN-99496 | ||
| 035 | _aB-664981 | ||
| 037 |
_adpl _bDBAD/PUB |
||
| 082 | _aS | ||
| 245 |
_aMy name is Radha: _ctranslated by Muhammad Umar Memon _bthe essential ...manto / |
||
| 260 |
_bPenguin Books _c2015 _aGurgaon |
||
| 270 |
_a7th Floor, Infinity Tower C, DLF Cyber City _bGurgaon _e122002, Haryana India |
||
| 300 |
_a469p. _c23cm(Hb) |
||
| 942 |
_2ddc _cEN _hS _mMAN |
||